| 000 | 00363nam a22001457a 4500 | ||
|---|---|---|---|
| 003 | OSt | ||
| 005 | 20160805113815.0 | ||
| 008 | 160805b xxu||||| |||| 00| 0 eng d | ||
| 020 | _a9780321392312 | ||
| 040 | _cN/A | ||
| 100 | _aD.J. Henry | ||
| 245 |
_aWriting for life _bParagraph to essay |
||
| 260 |
_aNewYork _bPearson Education Inc _c2008 |
||
| 942 |
_2lcc _cBK |
||
| 999 |
_c254962 _d254961 |
||